Countries With No More US Bases - Statistics

General Stats
  • This quiz has been taken 13 times
  • The average score is 10 of 16
Answer Stats
Continent Country % Correct
Asia China
92%
Oceania New Zealand
83%
Africa Libya
75%
Asia Vietnam
75%
Asia Afghanistan
67%
South America Ecuador
67%
Europe France
67%
Europe Iceland
58%
Africa Niger
58%
North America Panama
58%
Asia Thailand
58%
Africa Ethiopia
50%
Asia Pakistan
50%
Africa Liberia
42%
Africa Senegal
42%
Asia Uzbekistan
42%
No matching quizzes found
Score Distribution
Percent of People with Each Score
Percentile by Number Answered
Your Score History
You have not taken this quiz